000 00317nam a22001337a 4500
008 210224b ||||| |||| 00| 0 eng d
020 _a2900321715820
041 _aeng
080 _a150
100 _a36
101 _aMAT
245 _aIntermediate Algebra (Students Solutions Manual)
_cCole ,A.J
942 _2udc
_cBK
999 _c55165
_d55165